LEADER 01181nam a2200265 i 4500 001 000000156322 003 CaOOAMICUS 005 20061202000000.0 008 061202s1964 it u000 u ita u 013 $a133677 040 $aSeMil$bita 245 10$aJohannes Vermeer /$c[Alberto Martini]. 246 04$iTitolo in copertina:$aVermeer 260 $aMilano :$bFabbri,$ccopyr. 1964. 300 $a[6] p., 17. p. di tav. :$bill. ;$c36 cm. 490 0 $aI maestri del colore : la pił grande collana d'arte del mondo ;$v54 500 $aFormulazione di responsabilitą ricavata dal testo. 650 4$aVeneziano .$0(OLS)http://semarc/subject/30570 700 1 $aMartini, Alberto,$d<1876-1954>.$0(OLS)http://semarc/name/7777 830 2$aI maestri del colore : la pił grande collana d'arte del mondo ;$v54.$0(OLS)http://semarc/title/2091 850 $aSeMil 852 $aSeMil$W1$xVenegono$y1$m5G XII 6/54$j108094$B108094$CSeMilBibl$Z2$F117696 $81 996 $6245$aJohannes Vermeer$9(OLS)http://semarc/title/229096 996 $6246$aVermeer$9(OLS)http://semarc/title/229097 996 $6260$aMilano :$bFabbri$9(OLS)http://semarc/publisher/30054 LEADER 00856nam a2200253 i 4500 001 000000086474 003 CaOOAMICUS 005 20250625171157.0 008 130822s1976 xx u000 u und u 013 $a58714 020 $a88-18- 040 $aSeMil$bita 100 1 $aCoccioli, Carlo,$d<1920-2003>.$0(OLS)http://semarc/name/20653 245 10$aDavide. Romanzo. 260 $aMilano :$bRusconi,$c1976. 300 $a392 p. 490 0 $aNarrativa Rusconi 830 0$aNarrativa Rusconi.$0(OLS)http://semarc/title/7305 850 $aSeMil 852 $aSeMil$W1$xVenegono$y1$m72 5 3 *$j50146$B50146$CSeMilBibl$Z2$F54073 $81 996 $6020$a88-18-$9(OLS)http://semarc/number/66687 996 $6245$aDavide. Romanzo$9(OLS)http://semarc/title/132779 996 $6260$aMilano :$bRusconi$9(OLS)http://semarc/publisher/30258